Natural Fibre Reinforced Polymers (NFRPs) in the construction industry (Record no. 115224)

MARC details
000 -LEADER
fixed length control field 01020cam a2200265 4500
001 - CONTROL NUMBER
control field L158257
008 - FIXED-LENGTH DATA ELEMENTS--GENERAL INFORMATION
fixed length control field 040504n2014 000 0 eng u
020 ## - INTERNATIONAL STANDARD BOOK NUMBER
International Standard Book Number 9781848063976
035 ## - SYSTEM CONTROL NUMBER
System control number (Sirsi) u158257
041 ## - LANGUAGE CODE
Language code of text/sound track or separate title eng
100 ## - MAIN ENTRY--PERSONAL NAME
Personal name Bregulla, Julie
245 ## - TITLE STATEMENT
Title Natural Fibre Reinforced Polymers (NFRPs) in the construction industry
260 ## - PUBLICATION, DISTRIBUTION, ETC.
Place of publication, distribution, etc. Watford
Name of publisher, distributor, etc. BRE
Date of publication, distribution, etc. 2014
300 ## - PHYSICAL DESCRIPTION
Extent 8p.
Dimensions 30cm.
490 ## - SERIES STATEMENT
Series statement BRE Information Paper
Volume/sequential designation 14/14
520 ## - SUMMARY, ETC.
Summary, etc. Reviews the potential for natural products in construction materials, specifically fibre reinforced composites including various natural fibres, such as hemp and flax. It discusses their specific benefits and the factors that are infuential to their wider utilisation.
521 ## - TARGET AUDIENCE NOTE
Target audience note Advanced
650 ## - SUBJECT ADDED ENTRY--TOPICAL TERM
Topical term or geographic name entry element NATURAL FIBRE REINFORCED POLYMERS
650 ## - SUBJECT ADDED ENTRY--TOPICAL TERM
Topical term or geographic name entry element GLASS FIBRE REINFORCED POLYMERS
650 24 - SUBJECT ADDED ENTRY--TOPICAL TERM
Topical term or geographic name entry element BIO-RESINS
651 #4 - SUBJECT ADDED ENTRY--GEOGRAPHIC NAME
Geographic name ENGLAND AND WALES
690 ## - LOCAL SUBJECT ADDED ENTRY--TOPICAL TERM (OCLC, RLIN)
Topical term or geographic name as entry element Building materials and defects
710 ## - ADDED ENTRY--CORPORATE NAME
Corporate name or jurisdiction name as entry element Building Research Establishment
942 ## - ADDED ENTRY ELEMENTS (KOHA)
Suppress in OPAC 0
Holdings
Withdrawn status Lost status Source of classification or shelving scheme Damaged status Not for loan Home library Current library Shelving location Date acquired Total Checkouts Full call number Barcode Date last seen Copy number Price effective from Koha item type
    Dewey Decimal Classification     London London BRE publications 14/11/2014   BRE 30078776 06/08/2019 1 06/08/2019 Book